000 01225naa a22003617a 4500
001 BR7900277
003 BR-BrBNA
005 20240918174308.0
007 ta
008 230509b bl.||||| |||| 00| 0 por d
040 _aBR-BrBNA
_bpor
_cBiblioteca Nacional de Agricultura
041 _a(Pt)
072 _aF00
_b0120
_bG514
090 _aF00 BR7900277
100 1 _aBatistela, A.
100 1 _aBresolin, M.
100 1 _aDavid, I.K.
100 1 _aOliveira, J.V.
100 1 _aSander, G.
100 1 _aSilva, L.C.M.
100 1 _aAlmeida, A.P.
100 1 _aMaia, N.G.
100 1 _aKohler, C.
111 1 _a11. Reuniao Brasileira de Milho e Sorgo
_cPiracicaba, SP (Brazil)
_d26 Jul 1976
245 1 _aAvaliacao das perdas causadas pelo retardamento da colheita do milho [Rio Grande do Sul, Brasil]
260 3 _aPiracicaba, SP (Brasil):
_c1978.
500 _aAnais da 11. Reuniao Brasileira de Milho e Sorgo Piracicaba, SP (Brasil): 1978. p. 415-419 (BR7900277-AM)F00
650 _aMILHO
650 _aCOLHEITA
773 0 _tAnais da 11. Reuniao Brasileira de Milho e Sorgo
_wF00 BR7900277
_gPiracicaba, SP (Brasil), 1978. p. 415-419
909 _a202404
_bLucia
_c55
_dLucia Elande
942 _cAM
_2AGRIS
999 _c310192
_d310192